000 00662cab a2200217 4500
001 WB2941-04
008 090401t1993 xxu||||| |||| 00| 0 eng d
035 _a(Sirsi) u62599
041 _aeng
245 _aWoodworm spread
260 _c1993
350 _a0
490 _aEstates Gazette
_v(9343) 30 October 1993, 48(1)
520 _aAbout one in three houses built before 1900 have woodworm infestations, according to a BRE survey, as opposed to 1% of properties built in the 1960s.
650 _aHOUSE LONGHORN BEETLE
650 _aPESTS
650 _aTIMBER
690 _aBUILT ENVIRONMENT-BUILDING PATHOLOGY
942 _n0
948 _c04/03/1997
999 _c38874
_d38874